000 00454nam a2200169 i 4500
001 36475
003 ES-MaACL
005 20230906155357.0
007 t|
008 030218s1933 xxu ||||1| eng d
100 1 _aBrandt, Joseph A.
_931353
245 1 0 _aToward the new Spain /
_cJoseph A. Brandt.
260 _aChicago :
_bUniversity Press,
_c1933.
300 _a435 p. ;
_c23 cm.
651 4 _aEspaƱa-
_xHistoria.
_98209
852 _aES-MaACL
_jA-2353
999 _c36475
_d36475